000 00910nam a2200241 a 4500
001 38991
003 BD-RjUL
005 20211209052909.0
008 160324b20121984bg a|||| |||| 00| 0 ben d
020 _a9789845061636
_c: TK.260.00
035 _a(BD-RjUL)39101
040 _aBD-RjUL
_bben
_cBD-RjUL
041 _aben
082 _223
_a891.443
_bALP 2012
100 _aআলী, শওকত
_9120366
245 1 0 _aপ্রদোষে প্রাকৃতজন /
_cশওকত আলী
260 _aঢাকা :
_bদি ইউনিভাসিটি প্রেস লিমিটেড,
_c১৯৮৪ [মুদ্রণ ২০১২, ২০১৯]
300 _a১৯৭ পৃ. :
_bচিত্র ;
_c২২ সেমি.
600 _aAli, Shawkat
_d1936-2018
_9234791
650 _aবাংলা উপন্যাস
_9120367
650 _aBengali fiction
_9120368
942 _2ddc
_cBK
999 _c38991
_d38991